| 000 | 00424cam a2200181ua 4500 | ||
|---|---|---|---|
| 020 | _c7.00 | ||
| 041 |
_ahin _h |
||
| 082 |
_a891.54 _bYAS/LO |
||
| 100 | _aYashpal, . | ||
| 245 |
_aLohe ki deevar ke donom aur / _cYashpal. _hTextual Documents |
||
| 250 |
_a1 / _b. |
||
| 260 |
_aLucknow : _bViplav Karyalay , _c1960. |
||
| 300 | _a340 ; . | ||
| 365 | _a7.00 | ||
| 504 | _a | ||
| 942 | _cBK | ||
| 999 |
_c8237 _d8237 |
||